000 00448nam a2200193Ia 4500
005 20240823032529.0
008 240823s9999||||xx |||||||||||||| ||und||
020 _a81-317-0766-0
041 _aENGLISH
082 _A170 P7
100 _aLynn Huggins-Cooper
245 0 _aDownshift to the Good Life
250 _a1st
260 _c2007
_b"Pearson,"
500 _aYES
650 _aBrilliant ideas
_bGeneral
942 _cBK
999 _c193653
_d193653